Εκπαίδευση και πολιτική

Αποθηκεύτηκε σε:
Λεπτομέρειες βιβλιογραφικής εγγραφής
Κύριος συγγραφέας: Παπάζογλου, Μηνάς
Μορφή: Βιβλίο
Γλώσσα:Greek
Δημοσίευση: [Αθήνα] : Οδυσσέας, [c1978].
Σειρά:Σύγχρονα προβλήματα (Οδυσσέας)
Θέματα:
Ετικέτες: Προσθήκη ετικέτας
Δεν υπάρχουν, Καταχωρήστε ετικέτα πρώτοι!

MARC

LEADER 00000cam a2200000 i 4500
001 1/20188
008 960926s1978 gr | ||| |||| ||gre||
035 |a 1987  |b 1  |c Τσιάκαλος  |l 10035972 
040 |a GR-MY-UA  |b gre  |e aacr 
041 0 |a gre 
082 7 |a 379.2   |2 (22) 
100 1 |a Παπάζογλου, Μηνάς. 
245 1 0 |a Εκπαίδευση και πολιτική /   |c Μηνάς Παπάζογλου.  
260 |a [Αθήνα] :   |b Οδυσσέας,   |c [c1978].  
300 |a 126 σ. ;   |c 21 εκ.  
490 1 |a (Σύγχρονα προβλήματα / Οδυσσέας)  
650 0 0 |a Education and state  |z Greece. 
650 0 0 |a Politics and education  |z Greece. 
650 0 0 |a Higher education and state  |z Greece. 
830 0 |a Σύγχρονα προβλήματα (Οδυσσέας) 
852 |a INST  |b RHODES  |e 19960926  |h 379.2 ΠΑΠ  |p 005400009031  |q 005400009031  |t BK  |y 0 
909 |a Ρ  |b 006757 
970 |z 2000/06